000 00421nam a22001697a 4500
005 20160527113258.0
008 160527b xxu||||| |||| 00| 0 eng d
020 _a81-7808-031-1
041 _aeng
082 _b5469
100 _aChristopher, Marten
_91365
245 _aLogistics and Supply Chain Mgt.
260 _aNew Delhi
_bAcademic Faundation
_c2003
300 _a287
650 _aManagement
_9241
942 _cBK
999 _c1941
_d1940